La guerra eterna : grandes pandemias de la historia /

Ensayo que versa sobre la pandemia de Covid-19 haciendo una correlación con cuatro grandes catástrofes demográficas sucedidas en los dos últimos milenios: la Gran Plaga en tiempos de Justiniano, entre los siglos VI y VII; la Peste Negra, que se hizo presente en períodos sucesivos entre los siglos XV...

Descripción completa

Guardado en:
Detalles Bibliográficos
Autor principal: Martín Aceña, Pablo (autor)
Formato: Libro
Idioma:Español
Publicado: Barcelona, España : Galaxia Gutenberg, 2021, c2021
Colección:(Ensayo Galaxia Gutenberg)
Temas:
Etiquetas: Agrega una etiqueta
Sin etiquetas, Sé el primero en etiquetar este registro!

MARC

LEADER 00000nam^a2200000^a^4500
001 000433850
005 20250521000000.0
009 20260526144809.741
020 |a 978-84-18526-50-3 
037 |a Acervo ITESO - Biblioteca 
041 |a ESP 
082 |a 614. 581  |b MAR 
100 |a Martín Aceña, Pablo  |e (autor) 
245 1 3 |a La guerra eterna :  |b grandes pandemias de la historia /  |c P. Martín Aceña. 
264 4 |a Barcelona, España :  |b Galaxia Gutenberg,  |c 2021, c2021 
300 |a 155 p. 
336 |a texto  |b txt  |2 rdacontenido 
337 |a sin mediación  |b n  |2 rdamedio 
338 |a volumen  |b nc  |2 rdasoporte 
440 1 |a (Ensayo Galaxia Gutenberg) 
520 |a Ensayo que versa sobre la pandemia de Covid-19 haciendo una correlación con cuatro grandes catástrofes demográficas sucedidas en los dos últimos milenios: la Gran Plaga en tiempos de Justiniano, entre los siglos VI y VII; la Peste Negra, que se hizo presente en períodos sucesivos entre los siglos XVI y XVIII; la llegada de las enfermedades traídas por los europeos a América que provocaron la muerte de gran cantidad de personas en el Caribe y en los imperios azteca e inca; y la gripe española de 1918. Las epidemias y pandemias son hitos históricos que cambian la configuración política del mundo y el curso de la historia. 
649 |a XX 
650 |a Peste 
650 |a COVID-19 -  |x Tema Principal 
650 |a Coronavirus (Familia) 
650 |a Virus 
650 |a Peligro de Contagio 
650 |a Enfermedades Virales 
650 |a Enfermedades Infecciosas 
650 |a Enfermedades Históricas 
650 |a Vacunas 
650 |a Cuarentena 
650 |a Distanciamiento Social 
650 |a Pandemias -  |x Aspectos Políticos 
650 |a Pandemias -  |x Historia -  |x Tema Principal 
650 |a Epidemias 
650 |a Política y Salud Pública 
910 |a Fondo General 
920 |a Impresos - Libros 
930 |a Colección General 
905 |a 101 
901 |a 0500351479  |b IT1  |c ACC  |i C175754  |u 20250521 
902 |a https://opac.biblio.iteso.mx/vufind/Record/000433850